Στατιστική / Πιθανότητες με Στατιστικές Εφαρμογές. (Record no. 5171)
[ view plain ]
| 000 -LEADER | |
|---|---|
| fixed length control field | 01329cam a22001934a 4500 |
| 005 - ΗΜΕΡΟΜΗΝΙΑ ΚΑΙ ΩΡΑ ΤΕΛΕΥΤΑΙΑΣ ΕΝΗΜΕΡΩΣΗΣ | |
| Πεδίο ελέγχου | 20250605164206.0 |
| 008 - FIXED-LENGTH DATA ELEMENTS--GENERAL INFORMATION | |
| Πεδίο ελέγχου σταθερού μήκους | 250528s ||||||||||||||||||||||||d |
| 035 ## - SYSTEM CONTROL NUMBER | |
| System control number | 19931 |
| 020 ## - ISBN | |
| ISBN | 9603511641 |
| 040 ## - ΠΗΓΗ ΚΑΤΑΛΟΓΟΓΡΑΦΗΣΗΣ | |
| Φορέας πρωτότυπης καταλογογράφησης | MC Athens Campus Library |
| Γλώσσα καταλογογράφησης | Ελληνικά, Μοντέρνα (1453-) |
| Modifying agency | MC Athens Campus Library |
| Κανόνες περιγραφικής καταλογογράφησης | AACR2 |
| 245 1# - ΤΙΤΛΟΣ ΚΑΙ ΔΗΛΩΣΗ ΥΠΕΥΘΥΝΟΤΗΤΑΣ | |
| Τίτλος | Στατιστική / Πιθανότητες με Στατιστικές Εφαρμογές. |
| Number of part/section of a work | Τόμος Β |
| 260 ## - PUBLICATION, DISTRIBUTION, ETC. | |
| Name of publisher, distributor, etc. | Σταμούλης Α, |
| Date of publication, distribution, etc. | 1998 |
| 300 ## - PHYSICAL DESCRIPTION | |
| Extent | 336 |
| 520 ## - SUMMARY, ETC. | |
| Summary, etc. | Πρόλογος, Πιθανότητα, Μέθοδοι Απαριθμήσεως (Μεταθέσεις και Συνδυασμοί), Πιθανότητες Σύνθετων Ενδεχόμενων, Τυχαίες Μεταβλητές, Περιγραφή Τυχαίων Μεταβλητών και των Κατάνομων τους, Περιγραφή της από Κοινού Συμπεριφοράς Τυχαίων Μεταβλητών, Γεννήτριε Συναρτήσεις, Ειδικά Πιθανοθεωρητικά Υποδείγματα για ωΑσυνεχείς Τυχαίες Μεταβλητές, Συνεχείς Κατανομές, Οριακά Θεωρήματα, Παράρτημα, Στατιστικοί Πίνακες, Βιβλιογραφία. |
| 700 1# - ΠΡΟΣΘΕΤΗ ΑΝΑΓΡΑΦΗ--ΦΥΣΙΚΟ ΠΡΟΣΩΠΟ | |
| Personal name | Μπένος Βασίλειος |
| 9 (RLIN) | 4606 |
| 942 ## - ADDED ENTRY ELEMENTS (KOHA) | |
| Koha item type | Books |
| Τύπος τεκμηρίου | Βιβλιοθήκη | Τρέχουσα τοποθεσία | Barcode | Αριθμός εισαγωγής | Ημερομηνία απόκτησης | Ταξιθετικό σύμβολο | Αριθμός αντιτύπου | Κατάσταση απόσυρσης | Κατάσταση χαμένου | Κατάσταση κατεστραμμένου | Μη δανεισμός | Σύνολο δανεισμών | Ημερομηνία τελευταίας εμφάνισης | Η τιμή ισχύει από |
|---|---|---|---|---|---|---|---|---|---|---|---|---|---|---|
| Books | MC Athens Campus Library | MC Athens Campus Library | 9780000051707 | 6138 | 05/06/2025 | 519.5 BEN V.B | 1 | 05/06/2025 | 05/06/2025 |